Fault in criminal law : (Record no. 1556)

MARC details
000 -LEADER
fixed length control field 04185cam a2200517 i 4500
001 - CONTROL NUMBER
control field data
005 - DATE AND TIME OF LATEST TRANSACTION
control field 20260322212106.0
006 - FIXED-LENGTH DATA ELEMENTS--ADDITIONAL MATERIAL CHARACTERISTICS
fixed length control field data
007 - PHYSICAL DESCRIPTION FIXED FIELD--GENERAL INFORMATION
fixed length control field data
008 - FIXED-LENGTH DATA ELEMENTS--GENERAL INFORMATION
fixed length control field data
035 ## - SYSTEM CONTROL NUMBER
System control number 23266862
010 ## - LIBRARY OF CONGRESS CONTROL NUMBER
LC control number 2023701999
020 ## - INTERNATIONAL STANDARD BOOK NUMBER
International Standard Book Number 9781000630527
Qualifying information ebook
020 ## - INTERNATIONAL STANDARD BOOK NUMBER
Canceled/invalid ISBN 9781032245362
Qualifying information (hardback)
020 ## - INTERNATIONAL STANDARD BOOK NUMBER
Canceled/invalid ISBN 9781032245393
Qualifying information (paperback)
040 ## - CATALOGING SOURCE
Original cataloging agency DLC
Language of cataloging eng
Description conventions pn
-- pn
Transcribing agency DLC
043 ## - GEOGRAPHIC AREA CODE
Geographic area code e-uk---
050 00 - LIBRARY OF CONGRESS CALL NUMBER
Classification number K5064
082 00 - DEWEY DECIMAL CLASSIFICATION NUMBER
Classification number 345/.04
Edition information 23/eng/20220630
245 00 - TITLE STATEMENT
Title Fault in criminal law :
Remainder of title a research companion /
Statement of responsibility, etc. edited by Alan Reed and Michael Bohlander, with Bethany Simpson and Verity Adams.
264 #1 - PRODUCTION, PUBLICATION, DISTRIBUTION, MANUFACTURE, AND COPYRIGHT NOTICE
Place of production, publication, distribution, manufacture New York, NY :
-- New York, NY :
Name of producer, publisher, distributor, manufacturer Routledge,
Date of production, publication, distribution, manufacture, or copyright notice 2023.
300 ## - PHYSICAL DESCRIPTION
Extent 1 online resource (xiii, 344 pages)
336 ## - CONTENT TYPE
Content type term text
Content type code txt
Source rdacontent
337 ## - MEDIA TYPE
Media type term computer
Media type code c
Source rdamedia
338 ## - CARRIER TYPE
Carrier type term online resource
Carrier type code cr
Source rdacarrier
490 0# - SERIES STATEMENT
Series statement Substantive issues in criminal law
504 ## - BIBLIOGRAPHY, ETC. NOTE
Bibliography, etc. note Includes bibliographical references and index.
505 0# - FORMATTED CONTENTS NOTE
Formatted contents note The fault requirement of indecent photographs of children / Alisdair A. Gillespie -- Defining fault in loss of control : determining culpability through excuse theory / Amanda Clough -- Strict liability crimes : the contours of liability and crimogenic impact / Alan Reed -- Causation, fault, and responsibility / G.R. Sullivan, A.P. Simester -- Understanding the 'fault' in prior-fault intoxication : insights from behavioural neuroscience / John J. Child, Hans S. Crombag, Rudi Fortson QC -- Ages of consent and responsibility in criminal law : should they be the same? / Jonathan Herring -- Fault, Article 7 and the courts' development of the criminal law / Jeremy Horder -- 'Crimes of passion' : emotion, fault, and the criminal law / John E. Stannard -- Germany / Kai Ambos, Stefanie Bock -- Australia / Mirko Bagaric -- United States of America / Vera Bergelson -- Russia / Gleb Bogush -- Islam / Mohammad Hedayati-Kakhki -- Africa / Gerhard Kemp, Bernard Ntahiraja -- China / Andra le Roux-Kemp.
520 ## - SUMMARY, ETC.
Summary, etc. "This volume presents a comparative examination of the issue of Fault in Criminal Law. Extant law reveals significant problems in adoption of consistent approaches to doctrinal and theoretical underpinnings of fault liability and culpability thresholds in Criminal Law. This has been exemplified by a plethora of recent jurisprudential authorities revealing varying degrees of confusion and vacillation. This collection focuses on fault liability for inculpation with contributions from leading specialists from different jurisdictions presenting alternative perspectives. The book addresses three specific elements within the arena of fault, embracing an overarching synergy between them. This structure facilitates an examination of UK provisions, with specialist contributions on domestic law, and in contrasting these provisions against alternative domestic jurisdictions as well as comparative contributions addressing a particularised research grid for content. The comparative chapters provide a wider background of how other legal systems treat a variety of specialised issues relating to fault elements in the context of the Criminal Law. With contributions from leading experts in the field, the book will be an invaluable resource for researchers, academics and practitioners working in this area"--
Assigning source Provided by publisher.
588 ## - SOURCE OF DESCRIPTION NOTE
Source of description note Description based on print version record and CIP data provided by publisher; resource not viewed.
650 #0 - SUBJECT ADDED ENTRY--TOPICAL TERM
Topical term or geographic name entry element Criminal liability.
650 #0 - SUBJECT ADDED ENTRY--TOPICAL TERM
Topical term or geographic name entry element Criminal law
General subdivision Philosophy.
650 #0 - SUBJECT ADDED ENTRY--TOPICAL TERM
Topical term or geographic name entry element International criminal law.
650 #0 - SUBJECT ADDED ENTRY--TOPICAL TERM
Topical term or geographic name entry element Criminal law (Islamic law)
650 #0 - SUBJECT ADDED ENTRY--TOPICAL TERM
Topical term or geographic name entry element Criminal law
Geographic subdivision Great Britain.
700 1# - ADDED ENTRY--PERSONAL NAME
Personal name Reed, Alan,
Relator term editor.
700 1# - ADDED ENTRY--PERSONAL NAME
Personal name Bohlander, Michael,
Dates associated with a name 1962-
Relator term editor.
700 1# - ADDED ENTRY--PERSONAL NAME
Personal name Simpson, Bethany,
Relator term editor.
700 1# - ADDED ENTRY--PERSONAL NAME
Personal name Adams, Verity,
Relator term editor.
776 08 - ADDITIONAL PHYSICAL FORM ENTRY
Relationship information Print version:
Title Fault in criminal law
Place, publisher, and date of publication Abingdon, Oxon [UK] ; Routledge, 2023.
International Standard Book Number 9781032245362
Record control number (DLC) 2022010952
906 ## - LOCAL DATA ELEMENT F, LDF (RLIN)
a 7
b cbc
c origcop
d 1
e ecip
f 20
g y-gencatlg
925 0# -
-- acquire
-- ecip ebook
-- policy default
985 ## -
-- batchaccept/batch202306
985 ## -
-- LC online resource
-- 20230727
Holdings
Withdrawn status Lost status Damaged status Not for loan Home library Current library Shelving location Date acquired Total checkouts Full call number Barcode Date last seen Price effective from Koha item type
        Liberty Liberty General stacks 22/03/2026   345/.04 LOC-LPL-00019 22/03/2026 22/03/2026 Books